000 00362nam a22001577a 4500
005 20160628113838.0
008 160628b xxu||||| |||| 00| 0 eng d
041 _aeng
082 _b10759
100 _aSmith, Ron F
_92801
245 _aGrouping for Ethics
260 _bsurjeet Publications
_c2005
300 _a400
650 _aManagement
_9241
942 _cBK
999 _c4403
_d4402